Statistics for Countries, US States, Capitals, Elements, 100 Most Common Words: Starting with I

Click here to take the quiz!

General Stats

  • This quiz has been taken 6,524 times
    (3,272 since last reset)
  • The average score is 21 of 25

Answer Stats

ANSWER% Correct
I
100%
In
100%
India
99%
It
98%
Indiana
95%
Iceland
91%
Indonesia
90%
Ireland
90%
Italy
89%
Illinois
89%
Iran
89%
Iraq
88%
Iowa
87%
Idaho
85%
Israel
82%
Indianapolis
82%
If
78%
Iodine
74%
Iridium
73%
Indium
66%
Iron
65%
Islamabad
65%
Into
65%
Its
63%
Ivory Coast
59%

Score Distribution

Percentile by Number Answered

Percent of People with Each Score

Your Score History

You have not taken this quiz since the last reset